| Tag |
First Indicator |
Second Indicator |
Subfields |
| LEADER |
00000pam a2200000 a 4500 |
| 001 |
in00000371663 |
| 005 |
20151011092919.0 |
| 008 |
810729s1983 nyucf b 00100 eng |
| 010 |
|
|
|a 81012488
|
| 020 |
|
|
|a 0896760545
|
| 020 |
|
|
|a 0896760553 (pbk.)
|
| 035 |
|
|
|a (OCoLC)07734095
|
| 035 |
|
|
|9 ABQ9097AM
|
| 039 |
0 |
|
|a 2
|b 3
|c 3
|d 3
|e 3
|
| 040 |
|
|
|a DLC
|c DLC
|d TXA
|d UtOrBLW
|
| 049 |
|
|
|a TXAM
|c [1118623]
|
| 050 |
0 |
0 |
|a PN1590.W64
|b W6 1983
|
| 082 |
0 |
|
|a 792/.088042
|2 19
|
| 245 |
0 |
0 |
|a Women in theatre :
|b compassion & hope /
|c edited with an introduction and notes by Karen Malpede.
|
| 250 |
|
|
|a 1st ed.
|
| 264 |
|
1 |
|a New York :
|b Drama Book Publishers,
|c [1983]
|
| 264 |
|
4 |
|c ©1983
|
| 300 |
|
|
|a xvi, 281 pages, 1 unnumbered leaf of plates :
|b portrait ;
|c 24 cm.
|
| 336 |
|
|
|a text
|b txt
|2 rdacontent
|
| 337 |
|
|
|a unmediated
|b n
|2 rdamedia
|
| 338 |
|
|
|a volume
|b nc
|2 rdacarrier
|
| 500 |
|
|
|a Includes index.
|
| 504 |
|
|
|a Bibliography: pages 270-273.
|
| 650 |
|
0 |
|a Women in the theater.
|
| 650 |
|
0 |
|a Feminist theater.
|
| 650 |
|
0 |
|a Prose literature
|x Women authors.
|
| 700 |
1 |
|
|a Malpede, Karen.
|
| 999 |
|
|
|a MARS
|
| 999 |
f |
f |
|s 824adc76-11cb-31c0-842a-9d59de7e69fc
|i 87448ed3-0371-3efb-9c46-4a5b62260a5a
|t 0
|
| 952 |
f |
f |
|p ric
|a Texas A&M University
|b Rellis Campus
|c Joint Library Facility
|d Remote Storage
|t 0
|e PN1590.W64 W6 1983
|h Library of Congress classification
|i unmediated -- volume
|m A14807498968
|
| 998 |
f |
f |
|a PN1590.W64 W6 1983
|t 0
|l Remote Storage
|